|
|
|
|
| LEADER |
00000cam a2200000 a 4500 |
| 001 |
vtls001080579 |
| 003 |
SK-MaSNL |
| 005 |
20260301000837.0 |
| 008 |
251029s1989 xo g 001 0 slo |
| 015 |
|
|
|a SNBA1989/04
|
| 020 |
|
|
|a 8022200018
|c 50 Kčs. (600 výtl.)
|
| 035 |
|
|
|a SNK000023416
|
| 035 |
|
|
|a urn:nbn:sk:snk-amktn0
|
| 035 |
|
|
|a urn:nbn:sk:snk-am004ul1
|
| 035 |
|
|
|a ED70783F-C0BB-4FC5-8B49-53E48066F276
|
| 040 |
|
|
|a SNK
|b slo
|c SNK
|e AACR2
|
| 041 |
1 |
|
|a slo
|h ger
|
| 044 |
|
|
|a xo
|c SK
|
| 080 |
|
|
|a 7.01
|2 1981
|
| 080 |
|
|
|a 82.01
|2 1981
|
| 245 |
0 |
0 |
|a Nemeckí romantici
|c zostavil a preložil Milan Žitný ; ilustrovala Adela Jakabová
|
| 250 |
|
|
|a 1. vyd.
|
| 260 |
|
|
|a Bratislava
|b Tatran
|c 1989
|e Martin
|f Tlačiarne SNP
|
| 300 |
|
|
|a 389 s., 25,77 AH
|c 24 cm
|
| 490 |
1 |
|
|a Knižnica estetiky
|v zv. 10.
|
| 500 |
|
|
|a Pozn. Men. reg.
|
| 650 |
0 |
7 |
|a romantizmus
|2 SNKPH
|9 1678
|
| 650 |
0 |
7 |
|a estetika
|2 SNKPH
|9 791
|
| 650 |
0 |
7 |
|a názory a postoje
|2 SNKPH
|9 4303
|
| 651 |
|
7 |
|a Nemecko
|2 SNKPHgeo
|9 21020
|
| 655 |
|
7 |
|a výbery
|2 SNKPH
|9 67620
|
| 700 |
1 |
|
|a Žitný, Milan,
|d 1948-2019
|4 com
|4 trl
|4 oth
|9 184001
|
| 700 |
1 |
|
|a Jakabová, Adela,
|d 1945-
|4 ill
|9 37010
|
| 830 |
|
0 |
|a Knižnica estetiky
|9 278365
|
| 919 |
|
|
|a 80-222-0001-8
|
| 958 |
|
|
|a EUIPO
|
| 958 |
|
|
|a [BK]
|
| 958 |
|
|
|a LX
|
| 958 |
|
|
|a DE
|
| 958 |
|
|
|a TL
|
| 958 |
|
|
|a UP
|
| 958 |
|
|
|a OND
|
| 999 |
|
|
|c 533641
|d 535571
|
| 952 |
|
|
|t P60, <04>, [BOOK], {604}
|a SNK
|b SNK
|y VYP
|7 0
|p 17A0213191
|o snkSC 74061 D1
|0 0
|1 0
|4 0
|d 1999-10-01
|f 1
|l 0
|r 2004-12-31 00:00:00
|w 2026-02-23
|
| 952 |
|
|
|t P60, <03>, [BOOK], {603}
|a SNK
|b SNK
|y PREZ
|7 0
|p 17A0213197
|o snkSC 74061
|0 0
|1 0
|4 0
|d 1999-10-01
|l 0
|r 2025-07-30 00:00:00
|w 2026-02-23
|
| 952 |
|
|
|t snkZIT 830
|a SNKUST
|b SNKUST
|y PREZ
|7 0
|p 17A0336803
|o snkSC 74061 D2
|i snkKSP 3583/2002
|0 0
|1 0
|4 0
|d 2002-04-04
|l 0
|r 2025-03-21 00:00:00
|w 2026-02-23
|